000 00927nam a2200253 i 4500
001 107917
003 ES-MaACL
005 20250918063031.0
007 t|
008 061219s1969 sp |||| | spa d
080 _a84-221"16"
100 1 _aMolière,
_d1622-1673
_981873
245 1 3 _aEl enfermo imaginario
_b; El médico a palos /
_cMolière ; traducción por J. Millás Raurell y L. Fernández de Moratín ; prólogo de Lorenzo López Sancho.
260 _aMadrid :
_bSalvat,
_c1969.
300 _a186 p. ;
_c19 cm.
490 1 _aBiblioteca básica Salvat de Libros RTV ;
_v8
700 1 _aMilláas-Raurell, J.
_9129933
700 1 _aFernández de Moratín, Leandro,
_d1760-1828
_949695
700 1 _aLópez Sancho, Lorenzo,
_d1910-2001
_973962
740 3 2 _aEl médico a palos.
830 0 0 _aBiblioteca básica Salvat de libros RTV
_v8
_9185398
852 _aES-MaACL
_jE-2929
999 _c107917
_d107917